|
|
|
|
| LEADER |
00000nam0a2200000 4500 |
| 001 |
15515 |
| 005 |
20231030190238.0 |
| 035 |
|
|
|a (RuTPU)RU\TPU\book\15625
|
| 035 |
|
|
|a BOOK00000313
|
| 090 |
|
|
|a 15515
|
| 100 |
|
|
|a 20011209d1992 km y0rusy50 ca
|
| 101 |
0 |
|
|a rus
|
| 102 |
|
|
|a RU
|
| 105 |
|
|
|a a z 000zy
|
| 200 |
1 |
|
|a В поисках образа Атлантиды. Атлантида в Атлантическом океане. Средиземноморский адрес Атлантиды
|f Т. Н. Дроздова, Э. Т. Юркина
|
| 210 |
|
|
|a Москва
|c Стройиздат
|d 1992
|
| 215 |
|
|
|a 311 с.
|c ил.
|
| 610 |
1 |
|
|a история
|
| 610 |
1 |
|
|a Всемирная история
|
| 610 |
1 |
|
|a Атлантида
|
| 610 |
1 |
|
|a география
|
| 686 |
|
|
|a Т3(0)
|v LBC/SL-A
|2 rubbk
|
| 700 |
|
1 |
|a Дроздова
|b Т. Н.
|g Тамара Николаевна
|
| 701 |
|
1 |
|a Юркина
|b Э. Т.
|g Элеонора Тихоновна
|
| 801 |
|
0 |
|a RU
|b 63413507
|c 20011209
|g PSBO
|
| 801 |
|
2 |
|a RU
|b 63413507
|c 20220304
|g PSBO
|
| 942 |
|
|
|c BK
|